Central Library OPAC University of Rajshahi

Painting during the Sultanate period (C. E. 712-1575) / (Record no. 77194)

MARC details
000 -LEADER
fixed length control field 01007nam a2200301 a 4500
001 - CONTROL NUMBER
control field 77194
003 - CONTROL NUMBER IDENTIFIER
rucl marc code BD-RjUL
005 - DATE AND TIME OF LATEST TRANSACTION
control field 20211209082937.0
008 - FIXED-LENGTH DATA ELEMENTS--GENERAL INFORMATION
fixed length control field 200302r19631962pk 000 0 eng
035 ## - SYSTEM CONTROL NUMBER
System control number (BD-RjUL)77418
System control number (OCoLC)5358900
040 ## - CATALOGING SOURCE
Original cataloging agency DLC
Transcribing agency NNepaSU
Modifying agency DLC
-- BD-RjUL
Language of cataloging eng
041 ## - LANGUAGE CODE
Language code of text/sound track or separate title eng
042 ## - AUTHENTICATION CODE
Authentication code premarc
082 ## - DEWEY DECIMAL CLASSIFICATION NUMBER
Edition number 23
Classification number 759.954
Author mark and year CHP 1963
100 1# - MAIN ENTRY--PERSONAL NAME
Personal name Chagtai, Muhammad Abdulla.
9 (RLIN) 240208
245 10 - TITLE STATEMENT
Title Painting during the Sultanate period (C. E. 712-1575) /
Statement of responsibility, etc. by M. Abdulla Chaghatai.
260 ## - PUBLICATION, DISTRIBUTION, ETC. (IMPRINT)
Place of publication, distribution, etc. Lahore :
Name of publisher, distributor, etc. Kitab Khana-i-Navras,
Date of publication, distribution, etc. 1963.
300 ## - PHYSICAL DESCRIPTION
Pagination iv, 62 p.:
Illustrations ill.;
Size 25 cm.
500 ## - GENERAL NOTE
General note "250 copies."
General note "I publish it here by the courtesy of 'Iqbal' quarterly, Lahore, in which it has already appeared in its issues of 1962 and 1963."
504 ## - BIBLIOGRAPHY, ETC. NOTE
Bibliography, etc Bibliographical footnotes.
650 #0 - SUBJECT ADDED ENTRY--TOPICAL TERM
Topical term or geographic name as entry element Painting, Indic.
9 (RLIN) 240209
Topical term or geographic name as entry element Islamic painting
General subdivision History.
9 (RLIN) 240210
942 ## - ADDED ENTRY ELEMENTS (KOHA)
Source of classification or shelving scheme Dewey Decimal Classification
Koha item type Books
Holdings
Lost status Source of classification or shelving scheme Damaged status Not for loan Collection code Permanent Location Current Location Shelving location Date acquired Total Checkouts Full call number Date last seen Copy number Koha item type
  Dewey Decimal Classification   Not For Loan Non-fiction Central Library, University of Rajshahi Central Library, University of Rajshahi Reading Room 11/11/1966   759.954 CHP 1963 02/03/2020 C-1 Books